| 000 | 00449nam a22001697a 4500 | ||
|---|---|---|---|
| 003 | MPLRDC | ||
| 005 | 20220104160047.0 | ||
| 008 | 210129b ||||| |||| 00| 0 eng d | ||
| 082 | _a539.8 JMWW-4 c.2 | ||
| 100 | _a将门文物出版有限公司编辑部 | ||
| 245 |
_a哈哈大笑 _c |
||
| 260 |
_a台湾 _b将门文物出版有限公司 _c1994 |
||
| 300 | _b平 | ||
| 490 | _a真善美书系 | ||
| 650 | _a笑话 | ||
| 942 |
_cBK _o539.8 JMWW-4 c.2 |
||
| 999 |
_c54796 _d54786 |
||